000 00554nam a2200181Ia 4500
003 GCL
008 140319s9999 xx 000 0 ara d
040 _aGCL /
_cGCL
082 0 4 _a613.95
_bع ج
100 1 _aعبدالحميد عبدالعزيز
245 1 0 _aالجنس والانجاب /
_cعبدالحميد عبدالعزيز
260 _a[S.N] :
_bدار الفكر العربى ،
_c1988
300 _a119 ص
490 _aسلسلة الثقافة الجنسية
_v0
650 0 4 _aالجنس
650 0 4 _aالتكاثر
942 _2ddc
_cBK
999 _c55560
_d55560